Bob's Burgers Quiz - Statistics

General Stats
  • This quiz has been taken 806 times
  • The average score is 13 of 15
Answer Stats
Hint Answer % Correct
Who is the father? Bob Belcher
99%
Who is the eldest daughter? Tina Belcher
99%
Who is the mother? Linda Belcher
98%
Who is the youngest daughter? Louise Belcher
96%
What's the name of Tina's crush? Jimmy Jr.
93%
What is Tina's favourite animal? Horse
91%
What's the name of the mortician's name? Mort
89%
What instrument does Gene play? Keyboard
87%
Who is the son? Gene Belcher
86%
What is Linda's sisters name? Gayle
80%
In the first episode, what does the family accidently serve in their burgers? Human flesh
79%
What's the name of the school consellour? Mr. Frond
78%
What is the name of the family dentist? Dr. Yap
73%
What's the name of the Belcher's landlord? Mr. Fischoeder
71%
What do the kids try to sell for $30,000? Ambergris
43%
No matching quizzes found
Score Distribution
Percent of People with Each Score
Percentile by Number Answered
Your Score History
You have not taken this quiz